Normal view MARC view

Entry Personal Name

Number of records used in: 1

001 - CONTROL NUMBER

  • control field: 18261

003 - CONTROL NUMBER IDENTIFIER

  • control field: OSt

005 - DATE AND TIME OF LATEST TRANSACTION

  • control field: 20260122212307.0

008 - FIXED-LENGTH DATA ELEMENTS

  • fixed length control field: 260122|| aca||aabn | a|a d

040 ## - CATALOGING SOURCE

  • Original cataloging agency: OSt
  • Transcribing agency: OSt

100 ## - HEADING--PERSONAL NAME

  • Personal name: Sarique, Leenshey G., author

670 ## - SOURCE DATA FOUND

  • Source citation: Work cat.: (OSt): De Castro, Mitz May D., author. 18255, Exploring the online barter practices of traders in selected areas of Cavite /, 2023.